Los activos intangibles y la contabilidad (Registro nro. 11390)
[ vista simple ]
| 000 -LEADER | |
|---|---|
| fixed length control field | 00364 a2200133 4500 |
| 001 - CONTROL NUMBER | |
| control field | ART_6356 |
| 005 - DATE AND TIME OF LATEST TRANSACTION | |
| control field | 20260410161619.0 |
| 008 - FIXED-LENGTH DATA ELEMENTS--GENERAL INFORMATION | |
| fixed length control field | 260409a |
| 100 1# - MAIN ENTRY--PERSONAL NAME | |
| Personal name | Díaz, Teresa |
| 245 10 - TITLE STATEMENT | |
| Title | Los activos intangibles y la contabilidad |
| 700 1# - ADDED ENTRY--PERSONAL NAME | |
| Personal name | Bertolino, Gisela |
| 700 1# - ADDED ENTRY--PERSONAL NAME | |
| Personal name | Suardi, Diana |
| 773 0# - HOST ITEM ENTRY | |
| Title | Enfoques |
| Related parts | - Nº 1 (ene. 2009) |
| Record control number | REV416 |
No hay ítems disponibles.